000 00629nam a22002537a 4500
003 UA-OsUOA
001 32934
007 ta
008 20050223b un ||||| |||| 00| 0 ukr d
100 _aКалигин Н. А.
090 _a65.01
_bК17
942 _cBK
040 _aUA-OsUOA
_brus
_cUA-OsUOA
_dUA-OsUOA
245 _aПринципы организационного управления
300 _a272 с.
955 _a0
041 _arus
080 _a65.01
020 _a5-279-02672-7
260 _aМ.
_bФинансы и статистика
_c2003
044 _aRU
650 7 _2UDC
999 _c319389
_d319389